[Event "Sao Paulo Itau Cup 9th"]
[Site "Sao Paulo"]
[Date "2005.10.01"]
[Round "1"]
[White "Abdalla, Chead Jr"]
[Black "Cubas, Jose Fernando"]
[Result "0-1"]
[WhiteElo "1914"]
[BlackElo "2443"]
[PlyCount "47"]
[EventDate "2005.10.01"]
[EventType "swiss"]
[EventRounds "9"]
[EventCountry "BRA"]
[SourceTitle "CBM 108 Extra"]
[Source "ChessBase"]
[SourceDate "2005.11.04"]
[SourceVersion "1"]
[SourceVersionDate "2005.11.04"]
[SourceQuality "1"]

1. e4 c5 2. Nf3 a6 3. c4 d6 4. d4 cxd4 5. Nxd4 g6 6. Nc3 Bg7 7. Be3 Nf6 8. f3
O-O 9. Qd2 Nc6 10. Be2 Bd7 11. O-O-O b5 12. g4 Ne5 13. h4 Rc8 14. Kb1 Nxc4 15.
Bxc4 Rxc4 16. h5 Qa8 17. Nce2 Nxe4 18. fxe4 Qxe4+ 19. Ka1 Bxg4 20. hxg6 fxg6
21. Rhe1 Bxe2 22. Rxe2 Bxd4 23. Bxd4 Rxd4 24. Qe1 0-1

[Event "Sao Paulo Itau Cup 9th"]
[Site "Sao Paulo"]
[Date "2005.10.03"]
[Round "2"]
[White "Cubas, Jose Fernando"]
[Black "Rodrigues, Edgar"]
[Result "1-0"]
[WhiteElo "2443"]
[BlackElo "2133"]
[PlyCount "45"]
[EventDate "2005.10.01"]
[EventType "swiss"]
[EventRounds "9"]
[EventCountry "BRA"]
[SourceTitle "CBM 108 Extra"]
[Source "ChessBase"]
[SourceDate "2005.11.04"]
[SourceVersion "1"]
[SourceVersionDate "2005.11.04"]
[SourceQuality "1"]

1. e4 e6 2. d4 d5 3. e5 c5 4. c3 Nc6 5. Nf3 Bd7 6. Bd3 Qb6 7. O-O cxd4 8. Nxd4
Nxd4 9. cxd4 Qxd4 10. Nc3 Bb4 11. Nb5 Qb6 12. Be3 Qa5 13. a3 Bf8 14. b4 Qd8 15.
Rc1 Bc6 16. Nxa7 d4 17. Nxc6 bxc6 18. Be4 Ne7 19. Bg5 Rxa3 20. Bxc6+ Nxc6 21.
Bxd8 Nxd8 22. Qxd4 Be7 23. Rc7 1-0

[Event "Sao Paulo Itau Cup 9th"]
[Site "Sao Paulo"]
[Date "2005.10.04"]
[Round "3"]
[White "Pereira, Silvio Cunha"]
[Black "Cubas, Jose Fernando"]
[Result "1/2-1/2"]
[WhiteElo "2262"]
[BlackElo "2443"]
[PlyCount "149"]
[EventDate "2005.10.01"]
[EventType "swiss"]
[EventRounds "9"]
[EventCountry "BRA"]
[SourceTitle "CBM 108 Extra"]
[Source "ChessBase"]
[SourceDate "2005.11.04"]
[SourceVersion "1"]
[SourceVersionDate "2005.11.04"]
[SourceQuality "1"]

1. e4 e6 2. d4 d5 3. Nc3 Nf6 4. Bg5 Be7 5. e5 Nfd7 6. h4 Bxg5 7. hxg5 Qxg5 8.
Nh3 Qe7 9. Qg4 g6 10. Ng5 h5 11. Qf4 a6 12. O-O-O Nb6 13. g4 h4 14. Rd3 Nc6 15.
Rdh3 Bd7 16. Qf6 Qxf6 17. exf6 Nxd4 18. Rxh4 Rf8 19. f4 O-O-O 20. Ne2 Nc6 21.
Rh7 Be8 22. f5 gxf5 23. gxf5 e5 24. R1h6 Rd6 25. Bh3 Nd7 26. Ne6 Rg8 27. Rg7
Nxf6 28. Rxf6 Rxg7 29. Nxg7 Rxf6 30. Nxe8 Rh6 31. Bg4 Rh4 32. Nf6 e4 33. Ng3
Ne5 34. Be2 c6 35. Kd2 Nd7 36. Ng4 Rh3 37. Nf1 Kc7 38. c3 Kd6 39. Nfe3 Ne5 40.
b4 Rh1 41. a4 b6 42. Bxa6 c5 43. a5 cxb4 44. axb6 b3 45. Nxe5 b2 46. N5c4+ dxc4
47. Nxc4+ Kc5 48. Nxb2 Rh2+ 49. Be2 Kxb6 50. Ke3 Kc5 51. Nd1 Kd5 52. Nf2 Rh4
53. Ng4 Rh3+ 54. Kd2 Rg3 55. c4+ Kd4 56. Ke1 e3 57. Kf1 Kc5 58. Nf6 Kd4 59. c5
Rg5 60. Bg4 Ke5 61. Nd7+ Kf4 62. Nf6 Ke5 63. Nd7+ Ke4 64. Ke2 Kf4 65. Nf6 Ke5
66. Nd7+ Kf4 67. Bf3 Rg8 68. c6 Rh8 69. c7 Rh2+ 70. Ke1 Rc2 71. Nb6 Kxf3 72.
c8=Q Rxc8 73. Nxc8 Kf4 74. Ne7 Ke5 75. Ke2 1/2-1/2

[Event "Sao Paulo Itau Cup 9th"]
[Site "Sao Paulo"]
[Date "2005.10.06"]
[Round "5"]
[White "Maia, Luciano Malta"]
[Black "Cubas, Jose Fernando"]
[Result "1/2-1/2"]
[WhiteElo "2290"]
[BlackElo "2443"]
[PlyCount "53"]
[EventDate "2005.10.01"]
[EventType "swiss"]
[EventRounds "9"]
[EventCountry "BRA"]
[SourceTitle "CBM 108 Extra"]
[Source "ChessBase"]
[SourceDate "2005.11.04"]
[SourceVersion "1"]
[SourceVersionDate "2005.11.04"]
[SourceQuality "1"]

1. d4 d5 2. Nf3 Nf6 3. c4 c6 4. e3 Bf5 5. Bd3 Ne4 6. Qc2 e6 7. O-O Nd7 8. Nc3
Ndf6 9. Ne5 Bd6 10. Ne2 dxc4 11. Qxc4 Bxe5 12. dxe5 Nd2 13. Bxd2 Bxd3 14. Qb4
Ne4 15. Rfe1 Bxe2 16. Rxe2 Qd3 17. Rae1 O-O-O 18. Bc1 Qd5 19. Qd4 Qb5 20. Qxa7
Nc5 21. Rc2 Nd3 22. Rf1 Qxe5 23. Bd2 Qb8 24. Qb6 Qc7 25. Qa7 Qb8 26. Qb6 Qc7
27. Qa7 1/2-1/2

[Event "Sao Paulo Itau Cup 9th"]
[Site "Sao Paulo"]
[Date "2005.10.08"]
[Round "7"]
[White "Milos, Gilberto"]
[Black "Cubas, Jose Fernando"]
[Result "1-0"]
[WhiteElo "2620"]
[BlackElo "2443"]
[PlyCount "67"]
[EventDate "2005.10.01"]
[EventType "swiss"]
[EventRounds "9"]
[EventCountry "BRA"]
[SourceTitle "CBM 108 Extra"]
[Source "ChessBase"]
[SourceDate "2005.11.04"]
[SourceVersion "1"]
[SourceVersionDate "2005.11.04"]
[SourceQuality "1"]

1. e4 e6 2. d4 d5 3. Nc3 Nf6 4. Bg5 Bb4 5. e5 h6 6. Bd2 Bxc3 7. bxc3 Ne4 8. Qg4
g6 9. Bd3 Nxd2 10. Kxd2 c5 11. Nf3 Bd7 12. h4 Qe7 13. Qf4 Bc6 14. Nh2 Nd7 15.
Ng4 O-O-O 16. Rab1 Rdf8 17. Nf6 Nxf6 18. exf6 Qc7 19. Qxc7+ Kxc7 20. h5 gxh5
21. dxc5 Rfg8 22. Rbg1 Rg5 23. f4 Rg4 24. Ke3 h4 25. Be2 Rg3+ 26. Kd4 b6 27.
cxb6+ axb6 28. Rxh4 Ra8 29. Bf3 Ra4+ 30. Ke5 d4 31. Bxc6 Kxc6 32. Rh3 Rxc3 33.
Rxc3+ dxc3 34. g4 1-0

[Event "Sao Paulo Itau Cup 9th"]
[Site "Sao Paulo"]
[Date "2005.10.09"]
[Round "8"]
[White "Cubas, Jose Fernando"]
[Black "Gerbelli Neto, Eduardo"]
[Result "1-0"]
[WhiteElo "2443"]
[BlackElo "2201"]
[PlyCount "75"]
[EventDate "2005.10.01"]
[EventType "swiss"]
[EventRounds "9"]
[EventCountry "BRA"]
[SourceTitle "CBM 108 Extra"]
[Source "ChessBase"]
[SourceDate "2005.11.04"]
[SourceVersion "1"]
[SourceVersionDate "2005.11.04"]
[SourceQuality "1"]

1. e4 e5 2. Nf3 Nc6 3. Bc4 Bc5 4. c3 Nf6 5. d3 d6 6. h3 a6 7. Bb3 Ba7 8. Nbd2
O-O 9. Nf1 d5 10. Qe2 d4 11. Ng3 h6 12. O-O Re8 13. c4 Bc5 14. Ba4 Bd7 15. Bxc6
Bxc6 16. Nf5 Bf8 17. g4 Bd7 18. Nh2 Bxf5 19. gxf5 Kh7 20. Kh1 g6 21. fxg6+ fxg6
22. f4 Nh5 23. Qg4 exf4 24. Bxf4 Qc8 25. Qg2 Bg7 26. Ng4 c6 27. Bd6 Qe6 28. e5
g5 29. Kh2 Qg6 30. Qe4 Qxe4 31. dxe4 Nf4 32. Rad1 h5 33. Nf6+ Bxf6 34. exf6 Ne6
35. f7 Rec8 36. e5 Kg7 37. Rf6 Nf4 38. Rg1 1-0

[Event "Sao Paulo Itau Cup 9th"]
[Site "Sao Paulo"]
[Date "2005.10.10"]
[Round "9"]
[White "Hungaski, Robert Andrew"]
[Black "Cubas, Jose Fernando"]
[Result "0-1"]
[WhiteElo "2371"]
[BlackElo "2443"]
[PlyCount "142"]
[EventDate "2005.10.01"]
[EventType "swiss"]
[EventRounds "9"]
[EventCountry "BRA"]
[SourceTitle "CBM 108 Extra"]
[Source "ChessBase"]
[SourceDate "2005.11.04"]
[SourceVersion "1"]
[SourceVersionDate "2005.11.04"]
[SourceQuality "1"]

1. e4 e6 2. d4 d5 3. Nc3 Nf6 4. Bg5 Bb4 5. e5 h6 6. Bd2 Bxc3 7. bxc3 Ne4 8. Qg4
g6 9. Qf4 g5 10. Qe3 f5 11. exf6 Qxf6 12. Bd3 Nxd2 13. Qxd2 c5 14. Nf3 c4 15.
Be2 Nc6 16. Qe3 Bd7 17. Ne5 Nxe5 18. dxe5 Qg6 19. O-O-O Ba4 20. Rd2 b6 21. h4
O-O-O 22. h5 Qf5 23. Qd4 Qf8 24. Kb2 Kb8 25. Bg4 Qe7 26. Ka1 Rd7 27. Rb1 Rb7
28. Rb2 b5 29. Rd1 a5 30. Rdb1 Rf8 31. g3 b4 32. Bd1 Rc8 33. a3 Rc6 34. axb4
Ra6 35. Ra2 axb4 36. Rxb4 Rxb4 37. cxb4 Qxb4 38. c3 Qb5 39. Bxa4 Rxa4 40. Rxa4
Qxa4+ 41. Kb2 Qb3+ 42. Kc1 g4 43. Kd2 Kb7 44. Qc5 Qb2+ 45. Kd1 Qb1+ 46. Ke2
Qd3+ 47. Ke1 Qxc3+ 48. Kf1 Qb2 49. Kg2 Qxe5 50. Qb5+ Kc7 51. Qa5+ Kc6 52. Qa8+
Kb5 53. Qe8+ Kb4 54. Qf8+ Kb3 55. Qxh6 Qe4+ 56. Kh2 c3 57. Qc1 c2 58. h6 Qe2
59. Qf4 e5 60. Qf6 c1=Q 61. h7 Qf3 62. Qb6+ Kc2 63. Qc6+ Kd2 64. Qxc1+ Kxc1 65.
h8=Q Qxf2+ 66. Kh1 Qf1+ 67. Kh2 Qe2+ 68. Kh1 d4 69. Qc8+ Kd1 70. Qb8 Ke1 71.
Qb1+ Qd1 0-1

[Event "Sao Paulo Communic 9th"]
[Site "Sao Paulo"]
[Date "2005.10.22"]
[Round "1"]
[White "Hungaski, Robert Andrew"]
[Black "Cubas, Jose Fernando"]
[Result "1-0"]
[WhiteElo "2371"]
[BlackElo "2451"]
[PlyCount "79"]
[EventDate "2005.10.22"]
[EventType "tourn"]
[EventRounds "11"]
[EventCountry "BRA"]
[EventCategory "4"]
[SourceTitle "EXT 2006"]
[Source "ChessBase"]
[SourceDate "2005.11.24"]
[SourceVersion "1"]
[SourceVersionDate "2005.11.24"]
[SourceQuality "1"]

1. e4 d6 2. d4 g6 3. Nc3 Bg7 4. f4 e6 5. Nf3 Ne7 6. Bd3 O-O 7. Be3 Nd7 8. Qd2
f5 9. e5 a6 10. Bf2 b5 11. O-O Nb6 12. Rfe1 h6 13. a4 b4 14. Nd1 a5 15. c4 bxc3
16. Nxc3 Ned5 17. Nxd5 Nxd5 18. Bc4 Nb6 19. Bb3 d5 20. Rec1 Bd7 21. Rc5 Qb8 22.
Qc2 Rc8 23. Be1 Bf8 24. Rxa5 Rxa5 25. Bxa5 c5 26. Qf2 c4 27. Bd1 Qa7 28. Bc3
Bxa4 29. Qg3 Kh7 30. Nh4 Qd7 31. Qxg6+ Kh8 32. Nxf5 exf5 33. Qxb6 Bxd1 34. Rxd1
Re8 35. Ra1 Qg7 36. Qc6 Rd8 37. Ra8 Rxa8 38. Qxa8 Kh7 39. Qxd5 Qg4 40. Qf3 1-0

[Event "Sao Paulo Communic 9th"]
[Site "Sao Paulo"]
[Date "2005.10.23"]
[Round "2"]
[White "Marra, Eduardo da Costa"]
[Black "Cubas, Jose Fernando"]
[Result "1/2-1/2"]
[WhiteElo "2259"]
[BlackElo "2451"]
[PlyCount "113"]
[EventDate "2005.10.22"]
[EventType "tourn"]
[EventRounds "11"]
[EventCountry "BRA"]
[EventCategory "4"]
[SourceTitle "EXT 2006"]
[Source "ChessBase"]
[SourceDate "2005.11.24"]
[SourceVersion "1"]
[SourceVersionDate "2005.11.24"]
[SourceQuality "1"]

1. e4 e6 2. d4 d5 3. Nc3 Nf6 4. e5 Nfd7 5. f4 c5 6. Nf3 Nc6 7. Be3 a6 8. Qd2 b5
9. a3 Bb7 10. dxc5 Bxc5 11. Bxc5 Nxc5 12. Bd3 Qb6 13. Qf2 Rc8 14. O-O Nd7 15.
Ne2 Qxf2+ 16. Rxf2 h6 17. Ned4 Nxd4 18. Nxd4 g6 19. b4 Nb6 20. Nb3 Na4 21. g4
Ke7 22. Kf1 g5 23. Ke2 Rcf8 24. f5 h5 25. Rg1 f6 26. exf6+ Rxf6 27. fxe6 hxg4
28. Rxg4 Rxf2+ 29. Kxf2 Rxh2+ 30. Kg3 Rh5 31. Bg6 Rh6 32. Bd3 Kf6 33. Nd4 Bc8
34. Bf5 Nc3 35. Kg2 Rh8 36. Rg3 Ne4 37. Rh3 Rxh3 38. Bxh3 Nd6 39. Kg3 Ne8 40.
Bg4 Ke5 41. Nf3+ Kf6 42. Nd4 Nc7 43. e7 Bb7 44. Ne6 Ne8 45. Nxg5 Kxg5 46. Bd7
Nf6 47. e8=Q Nxe8 48. Bxe8 d4 49. Bd7 Be4 50. Bc8 Bxc2 51. Kf2 Kf4 52. Ke2 d3+
53. Kd2 Ke4 54. Bxa6 Ba4 55. Bc8 Kd4 56. Be6 Bc2 57. Bf7 1/2-1/2

[Event "Sao Paulo Communic 9th"]
[Site "Sao Paulo"]
[Date "2005.10.23"]
[Round "3"]
[White "Cubas, Jose Fernando"]
[Black "De Souza, Mauro Guimaraes"]
[Result "1-0"]
[WhiteElo "2451"]
[BlackElo "2397"]
[PlyCount "63"]
[EventDate "2005.10.22"]
[EventType "tourn"]
[EventRounds "11"]
[EventCountry "BRA"]
[EventCategory "4"]
[SourceTitle "EXT 2006"]
[Source "ChessBase"]
[SourceDate "2005.11.24"]
[SourceVersion "1"]
[SourceVersionDate "2005.11.24"]
[SourceQuality "1"]

1. e4 c5 2. Nf3 e6 3. d4 cxd4 4. Nxd4 a6 5. Nc3 Qc7 6. Bd3 Nf6 7. O-O Nc6 8.
Be3 Nxd4 9. Bxd4 Bc5 10. Bxc5 Qxc5 11. Kh1 d6 12. f4 e5 13. Qe1 Be6 14. Rd1 Rd8
15. f5 Bc8 16. Rf3 b5 17. a4 b4 18. Na2 a5 19. c3 bxc3 20. Bb5+ Bd7 21. Rxc3
Qb6 22. Rb3 O-O 23. Nc3 Bc6 24. Bc4 Qc5 25. Bd5 Rb8 26. Rxb8 Rxb8 27. Bxc6 Qxc6
28. Qd2 Nxe4 29. Nxe4 Qxe4 30. Qxd6 Rf8 31. f6 Qxa4 32. Qxf8+ 1-0

[Event "Sao Paulo Communic 9th"]
[Site "Sao Paulo"]
[Date "2005.10.24"]
[Round "4"]
[White "Galati, Mario Augusto"]
[Black "Cubas, Jose Fernando"]
[Result "1/2-1/2"]
[WhiteElo "2245"]
[BlackElo "2451"]
[PlyCount "109"]
[EventDate "2005.10.22"]
[EventType "tourn"]
[EventRounds "11"]
[EventCountry "BRA"]
[EventCategory "4"]
[SourceTitle "EXT 2006"]
[Source "ChessBase"]
[SourceDate "2005.11.24"]
[SourceVersion "1"]
[SourceVersionDate "2005.11.24"]
[SourceQuality "1"]

1. d4 g6 2. c4 Bg7 3. Nc3 d6 4. e4 Nd7 5. Be2 e5 6. Nf3 Ne7 7. O-O O-O 8. Be3
h6 9. Qd2 Kh7 10. dxe5 dxe5 11. Ne1 f5 12. exf5 gxf5 13. f4 exf4 14. Bxf4 Ng6
15. Be3 Nde5 16. Rd1 Qh4 17. Nf3 Nxf3+ 18. Rxf3 f4 19. Bf2 Qg5 20. Ne4 Qe5 21.
Nc3 Bg4 22. Rd3 Qe6 23. Bxg4 Qxg4 24. Qe2 Qxe2 25. Nxe2 Rae8 26. Nd4 Ne5 27.
Rb3 Nxc4 28. Rxb7 Ne3 29. Rd2 Rf7 30. Nf3 a6 31. Bh4 Re6 32. Rb3 Rc6 33. Kf2
Rc1 34. g3 Nc4 35. Re2 fxg3+ 36. Kxg3 Nd6 37. Kg2 Nf5 38. Bf2 Bf6 39. Rd3 Rg7+
40. Bg3 c6 41. b3 h5 42. Kh3 Rf1 43. Re6 Be7 44. Rxc6 h4 45. Be5 Rf7 46. Rc7
Nh6 47. Nxh4 Re1 48. Bg3 Re2 49. Rf3 Rxf3 50. Nxf3 Nf5 51. a4 Kg8 52. Rc6 Re3
53. Nd2 Rd3 54. Nc4 Rxb3 55. Rxa6 1/2-1/2

[Event "Sao Paulo Communic 9th"]
[Site "Sao Paulo"]
[Date "2005.10.25"]
[Round "5"]
[White "Cubas, Jose Fernando"]
[Black "Gonzalez, Bolivar Ribeiro"]
[Result "1-0"]
[WhiteElo "2451"]
[BlackElo "2257"]
[PlyCount "91"]
[EventDate "2005.10.22"]
[EventType "tourn"]
[EventRounds "11"]
[EventCountry "BRA"]
[EventCategory "4"]
[SourceTitle "EXT 2006"]
[Source "ChessBase"]
[SourceDate "2005.11.24"]
[SourceVersion "1"]
[SourceVersionDate "2005.11.24"]
[SourceQuality "1"]

1. e4 e5 2. Nf3 Nf6 3. Nxe5 d6 4. Nf3 Nxe4 5. d4 d5 6. Bd3 Nc6 7. O-O Be7 8. c4
Nb4 9. Be2 dxc4 10. Bxc4 O-O 11. Nc3 Nf6 12. a3 Nbd5 13. Qd3 c6 14. Re1 a6 15.
Ne5 Be6 16. Ba2 Nxc3 17. bxc3 Bxa2 18. Rxa2 Nd7 19. Nf3 Bf6 20. Rae2 b5 21. g4
h6 22. Qf5 g6 23. Qe4 Bg7 24. Qxc6 Rc8 25. Qxa6 Rxc3 26. Re3 Rxe3 27. Bxe3 Nf6
28. h3 Qd5 29. Ne5 Ra8 30. Qc6 Qxc6 31. Nxc6 Rxa3 32. Rb1 Nd5 33. Bd2 Rxh3 34.
Rxb5 Rd3 35. Bxh6 Bxd4 36. Bg5 Nb6 37. Kf1 Rd1+ 38. Ke2 Rg1 39. Nxd4 Rxg4 40.
Kd3 Nd7 41. Bd2 f6 42. Nc6 Ra4 43. Rd5 Ra6 44. Ne7+ Kf7 45. Rxd7 Ke6 46. Rb7
1-0

[Event "Sao Paulo Communic 9th"]
[Site "Sao Paulo"]
[Date "2005.10.25"]
[Round "6"]
[White "Diaz Hollemaert, Nahuel Carlos"]
[Black "Cubas, Jose Fernando"]
[Result "1/2-1/2"]
[WhiteElo "2418"]
[BlackElo "2451"]
[PlyCount "129"]
[EventDate "2005.10.22"]
[EventType "tourn"]
[EventRounds "11"]
[EventCountry "BRA"]
[EventCategory "4"]
[SourceTitle "EXT 2006"]
[Source "ChessBase"]
[SourceDate "2005.11.24"]
[SourceVersion "1"]
[SourceVersionDate "2005.11.24"]
[SourceQuality "1"]

1. Nf3 d5 2. c4 c6 3. e3 Nf6 4. Nc3 g6 5. d4 Bg7 6. b4 Bg4 7. Qb3 Bxf3 8. gxf3
O-O 9. f4 e6 10. Ba3 Nbd7 11. Be2 a6 12. cxd5 exd5 13. b5 c5 14. dxc5 Ne4 15.
Nxe4 Bxa1 16. O-O Bg7 17. c6 bxc6 18. bxc6 dxe4 19. cxd7 Qxd7 20. Rd1 Qf5 21.
Bxf8 Rxf8 22. Rd5 Qe6 23. Ra5 Qxb3 24. axb3 Rb8 25. Bc4 Rb6 26. Rd5 Rb7 27. Rd6
Bf8 28. Rxa6 Kg7 29. Bd5 Rb5 30. Bc4 Rb7 31. Ra8 f5 32. Rd8 Be7 33. Rd5 Kf6 34.
f3 exf3 35. Kf2 Ba3 36. Ra5 Bb4 37. Ra6+ Kg7 38. Kxf3 Re7 39. Be6 Kf6 40. Bc4+
Kg7 41. Rc6 Bd2 42. Be6 Bb4 43. Ke2 Kf6 44. Bd5+ Kg7 45. Rc4 Ba5 46. b4 Bb6 47.
e4 fxe4 48. Bxe4 Rc7 49. Bc6 Re7+ 50. Be4 Rc7 51. Bc6 Re7+ 52. Kd1 Re6 53. b5
Rd6+ 54. Ke2 Rd4 55. Rxd4 Bxd4 56. Kd3 Bb6 57. Ke4 Kf6 58. Bd5 h6 59. h3 Bc7
60. Bb3 Bb6 61. Bd1 Bc7 62. Bg4 Bb6 63. Bd7 Bc7 64. f5 gxf5+ 65. Bxf5 1/2-1/2

[Event "Sao Paulo Communic 9th"]
[Site "Sao Paulo"]
[Date "2005.10.26"]
[Round "7"]
[White "Cubas, Jose Fernando"]
[Black "Lemos, Damian"]
[Result "1-0"]
[WhiteElo "2451"]
[BlackElo "2320"]
[PlyCount "79"]
[EventDate "2005.10.22"]
[EventType "tourn"]
[EventRounds "11"]
[EventCountry "BRA"]
[EventCategory "4"]
[SourceTitle "EXT 2006"]
[Source "ChessBase"]
[SourceDate "2005.11.24"]
[SourceVersion "1"]
[SourceVersionDate "2005.11.24"]
[SourceQuality "1"]

1. e4 e6 2. d4 d5 3. Nc3 dxe4 4. Nxe4 Bd7 5. Nf3 Bc6 6. Bd3 Nd7 7. O-O Be7 8.
c4 Bxe4 9. Bxe4 c6 10. b3 Ngf6 11. Bc2 Qc7 12. Bb2 O-O 13. Re1 Rfe8 14. Qd3 g6
15. Rad1 Rad8 16. g3 Bf8 17. Qe3 Bg7 18. Qc1 b5 19. Qa1 bxc4 20. bxc4 Ng4 21.
h3 Nh6 22. d5 Bxb2 23. Qxb2 cxd5 24. cxd5 exd5 25. Rxe8+ Rxe8 26. Rxd5 Re2 27.
Qd4 Nf8 28. Bb3 Nf5 29. Qc4 Qe7 30. Ne5 Re1+ 31. Kh2 Nd6 32. Qc3 Re2 33. Ng4 h5
34. Nf6+ Kh8 35. Rxd6 Rxf2+ 36. Kg1 Re2 37. Nxh5+ Re5 38. Re6 Qc5+ 39. Qxc5
Rxc5 40. Re8 1-0

[Event "Sao Paulo Communic 9th"]
[Site "Sao Paulo"]
[Date "2005.10.27"]
[Round "8"]
[White "De Souza Haro, Paulo Cezar"]
[Black "Cubas, Jose Fernando"]
[Result "0-1"]
[WhiteElo "2297"]
[BlackElo "2451"]
[PlyCount "78"]
[EventDate "2005.10.22"]
[EventType "tourn"]
[EventRounds "11"]
[EventCountry "BRA"]
[EventCategory "4"]
[SourceTitle "EXT 2006"]
[Source "ChessBase"]
[SourceDate "2005.11.24"]
[SourceVersion "1"]
[SourceVersionDate "2005.11.24"]
[SourceQuality "1"]

1. d4 d6 2. c4 g6 3. Nc3 Bg7 4. e4 Nd7 5. f4 e5 6. fxe5 dxe5 7. d5 Nh6 8. Nf3
O-O 9. Bd3 c6 10. Qe2 f6 11. O-O Re8 12. Kh1 Nf7 13. Qf2 cxd5 14. cxd5 Nf8 15.
Be3 b6 16. Nd2 Nh6 17. h3 g5 18. Rac1 Re7 19. Nb5 Ba6 20. d6 Rd7 21. Bc4+ Kh8
22. Nc7 Bxc4 23. Nxc4 Rb8 24. a4 Nf7 25. Nd5 Nxd6 26. Nxd6 Rxd6 27. a5 Nd7 28.
b4 bxa5 29. bxa5 Qxa5 30. Bxa7 Rc8 31. Ra1 Qb5 32. Rfb1 Qd3 33. Qe1 f5 34. Nc3
Rdc6 35. Rd1 Qxc3 36. Rxd7 fxe4 37. Qd1 g4 38. hxg4 Rh6+ 39. Kg1 Qg3 0-1

[Event "Sao Paulo Communic 9th"]
[Site "Sao Paulo"]
[Date "2005.10.28"]
[Round "9"]
[White "Cubas, Jose Fernando"]
[Black "Tsuboi, Edson Kenji"]
[Result "1-0"]
[WhiteElo "2451"]
[BlackElo "2345"]
[PlyCount "75"]
[EventDate "2005.10.22"]
[EventType "tourn"]
[EventRounds "11"]
[EventCountry "BRA"]
[EventCategory "4"]
[SourceTitle "EXT 2006"]
[Source "ChessBase"]
[SourceDate "2005.11.24"]
[SourceVersion "1"]
[SourceVersionDate "2005.11.24"]
[SourceQuality "1"]

1. e4 c5 2. Nf3 Nc6 3. Nc3 d6 4. d4 cxd4 5. Nxd4 Nf6 6. f3 e5 7. Nb3 Be7 8. Be3
Be6 9. Nd5 Bxd5 10. exd5 Nb4 11. c4 a5 12. Qd2 b6 13. Be2 O-O 14. O-O Na6 15.
Nc1 Nc5 16. Bd1 Nh5 17. g3 f5 18. Ne2 g5 19. Nc3 f4 20. Bf2 Nf6 21. Bc2 Qd7 22.
g4 Ne8 23. b3 h5 24. h3 Bf6 25. Rab1 Nc7 26. a3 Rfb8 27. b4 axb4 28. axb4 N5a6
29. Bf5 Qe8 30. Ne4 Be7 31. Rfd1 Kg7 32. Kg2 Qa4 33. Nc3 Qe8 34. Bc2 Qf7 35.
Qd3 Kh6 36. Ba4 Ne8 37. Bc6 Ra7 38. Nb5 1-0

[Event "Sao Paulo Communic 9th"]
[Site "Sao Paulo"]
[Date "2005.10.29"]
[Round "10"]
[White "Santos, Marcus Vinicius M"]
[Black "Cubas, Jose Fernando"]
[Result "1/2-1/2"]
[WhiteElo "2353"]
[BlackElo "2451"]
[PlyCount "249"]
[EventDate "2005.10.22"]
[EventType "tourn"]
[EventRounds "11"]
[EventCountry "BRA"]
[EventCategory "4"]
[SourceTitle "EXT 2006"]
[Source "ChessBase"]
[SourceDate "2005.11.24"]
[SourceVersion "1"]
[SourceVersionDate "2005.11.24"]
[SourceQuality "1"]

1. d4 d5 2. c4 c6 3. Nc3 Nf6 4. e3 a6 5. Nf3 b5 6. b3 Bg4 7. Be2 e6 8. Bb2 Nbd7
9. O-O Be7 10. Ne5 Bxe2 11. Nxe2 Qc7 12. cxd5 cxd5 13. Rc1 Qb7 14. Qc2 O-O 15.
Qc6 Rfb8 16. Nf4 Kf8 17. Rc2 b4 18. Nfd3 a5 19. Qxb7 Rxb7 20. Nc5 Rba7 21. Na4
Bd8 22. Rfc1 Ne8 23. Rc8 Nxe5 24. dxe5 Rxc8 25. Rxc8 Ke7 26. Bd4 Rb7 27. f4 Bc7
28. Ra8 h5 29. Kf2 g6 30. Ke2 Rb8 31. Ra7 Kd7 32. Nc5+ Kc6 33. Na6 Rc8 34. Nxc7
Nxc7 35. Rxa5 Ra8 36. Rc5+ Kb7 37. Rc2 Nb5 38. Kd3 Nxd4 39. exd4 Kb6 40. Ke3
Rg8 41. h4 Ra8 42. Kf3 Rb8 43. g4 Rg8 44. gxh5 gxh5 45. Rg2 Rc8 46. Rg7 Rc3+
47. Ke2 Rh3 48. Rxf7 Rxh4 49. Rf6 Kc7 50. Kf3 Kd7 51. Rf7+ Ke8 52. Rb7 Rh2 53.
Rxb4 Rxa2 54. Rb6 Kf7 55. Rb7+ Kf8 56. b4 Ra3+ 57. Ke2 h4 58. b5 h3 59. Kf2 Rb3
60. b6 Rb2+ 61. Kg3 h2 62. Rh7 Rxb6 63. Rxh2 Rb4 64. Rd2 Kg7 65. f5 exf5 66.
Kf4 Kg6 67. Rg2+ Kf7 68. Kxf5 Rxd4 69. e6+ Kf8 70. Ra2 Re4 71. Kf6 Rf4+ 72. Ke5
Re4+ 73. Kd6 d4 74. Rf2+ Ke8 75. Ra2 Kf8 76. Ra4 Kg7 77. Kd7 Kf6 78. Ra2 d3 79.
Rf2+ Ke5 80. e7 Kd4 81. Rf4 Rxf4 82. e8=Q d2 83. Qe2 Kc3 84. Qd1 Rd4+ 85. Kc6
Re4 86. Qf3+ Kb2 87. Qd1 Kc3 88. Qf3+ Kb2 89. Qd3 Rc4+ 90. Kd5 Rc2 91. Ke4 Kc1
92. Qa3+ Kb1 93. Qd3 Kc1 94. Qe3 Kb1 95. Qg1+ Rc1 96. Qb6+ Kc2 97. Qc5+ Kd1 98.
Qb4 Rc8 99. Ke3 Re8+ 100. Kf2 Kc2 101. Qc4+ Kb1 102. Qd3+ Kc1 103. Qc3+ Kd1
104. Qa3 Kc2 105. Qa2+ Kc1 106. Qc4+ Kb1 107. Qb5+ Kc2 108. Qc6+ Kb2 109. Qd7
Kc1 110. Qc6+ Kb2 111. Qb6+ Kc2 112. Qc5+ Kb2 113. Qd4+ Kc2 114. Qa4+ Kc1 115.
Qa3+ Kc2 116. Qc5+ Kb2 117. Qh5 Kc1 118. Qc5+ Kb2 119. Qb5+ Kc1 120. Qc5+ Kb2
121. Qd5 Kc1 122. Qc5+ Kb2 123. Qb4+ Kc2 124. Qa4+ Kc1 125. Qc4+ 1/2-1/2

[Event "Sao Paulo Communic 9th"]
[Site "Sao Paulo"]
[Date "2005.10.30"]
[Round "11"]
[White "Cubas, Jose Fernando"]
[Black "D'Israel, Davy Maurice"]
[Result "1-0"]
[WhiteElo "2451"]
[BlackElo "2253"]
[PlyCount "129"]
[EventDate "2005.10.22"]
[EventType "tourn"]
[EventRounds "11"]
[EventCountry "BRA"]
[EventCategory "4"]
[SourceTitle "EXT 2006"]
[Source "ChessBase"]
[SourceDate "2005.11.24"]
[SourceVersion "1"]
[SourceVersionDate "2005.11.24"]
[SourceQuality "1"]

1. e4 c5 2. Nf3 Nc6 3. d4 cxd4 4. Nxd4 Nf6 5. Nc3 e5 6. Ndb5 d6 7. Bg5 a6 8.
Na3 b5 9. Bxf6 gxf6 10. Nd5 f5 11. c3 Bg7 12. exf5 Bxf5 13. Nc2 O-O 14. Nce3
Be6 15. g3 Ne7 16. Bg2 Nxd5 17. Bxd5 Rc8 18. Qh5 Qd7 19. Rd1 Rc5 20. O-O f5 21.
f4 Bxd5 22. Rxd5 Rxd5 23. Nxd5 Qe6 24. Rd1 Rc8 25. Qxf5 Qxf5 26. Ne7+ Kf8 27.
Nxf5 exf4 28. Nxd6 Rd8 29. gxf4 Bf6 30. Rd2 Be7 31. Ne4 Bc5+ 32. Kg2 Rxd2+ 33.
Nxd2 Be3 34. Nb3 Bxf4 35. h3 Ke7 36. Kf3 Bh6 37. Nc5 Bc1 38. Nd3 Bh6 39. Ke4
Kd6 40. b3 Bg7 41. c4 bxc4 42. bxc4 Bc3 43. Kf5 Bd4 44. Kg5 Be3+ 45. Kf6 Bd4+
46. Kf7 a5 47. h4 a4 48. h5 h6 49. Kg6 Be3 50. Kf5 Bd2 51. Nf2 Kc6 52. Ne4 Bc1
53. Kg6 Kb6 54. Nf2 Kc6 55. Nd3 Bd2 56. Nb2 a3 57. Nd3 Kd6 58. Kf5 Bc3 59. Ke4
Bb2 60. Ke3 Ke6 61. c5 Kd5 62. Kd2 Bf6 63. Kc2 Kc4 64. c6 Bd8 65. Nf4 1-0